00509nam a22001577a 450000500170000001000150001702000260003203500140005803700130007208200150008510000230010024500780012326000500020127000810025130000190033220170329163809.0 aENG-117633 a9788192757018c995.00 aEN-101165 bDABD/PUB a335.430954 aMukesh Kumar Singh aNaxalites and naxal confliucts :cby Mukesh Kumar Singhbcurrent trends / aNew DelhibTransindia Book Distributorsc2014 aA-148,Harnam Singh Market,Ismailpur Road,Jaitpur,BadarpurbNew Delhie110044 a352p.c22m(Hb)